000 01635cam a2200301 i 4500
003 SA-RiAUC
005 20260315141216.0
008 260315s1900 su g 000r0 ara c
040 _aSA-JeALM
_bara
_cSA-RiAUC
_erda
082 0 4 _a251
_qSA-RiAUC
090 _aم ن 251
_bج ا و
100 1 _aالجاوي، عبد الحق بن عبدالحنان،
_d1285-1324 هجري
_eمؤلف.
245 1 2 _aالأقوال الملحقات على مختصر الورقات في الأصول الفقهيات ؛
_bويليها الرسالة المنظومة في النحو /
_cلعبد الحق بن عبد الحنان الجاوي سبط النووي الثاني.
250 _aالطبعة الأولى.
264 3 _aمكة المكرمة :
_bالمطبعة الميرية
_c( 1900 )
300 _a32 صفحة ؛
_c29 سم
336 _aنص
_btxt
_2rdacontent
_3كتاب
337 _aبدون وسيط
_bn
_2rdamedia
650 7 _aأصول الفقه الإسلامي
_2aucsh
700 1 2 _aالبكري، علي بن يعقوب بن جبريل،
_d673-724 هجري
_tمختصر الورقات في الأصول الفقهيات.
700 1 2 _aإمام الحرمين، عبد الملك بن عبد الله بن يوسف،
_d419-478 هجري.
_tالورقات في أصول الفقه
740 2 2 _aالورقات في أصول الفقه.
740 2 2 _aالرسالة المنظومة في النحو.
740 0 2 _aمختصر الورقات في الأصول الفقهيات.
942 _2ddc
_cRBOOK COPY
_n0
949 _aSA-JeALM
_d260315
_uosman123
_n1
999 _c14606
_d14606